| 000 | 00657nam a2200205 u 4500 | ||
|---|---|---|---|
| 005 | 20240228064212.0 | ||
| 008 | 150323s2007 mx r 000 0 spa d | ||
| 020 | _a9789702011330 | ||
| 035 | _aUPN01000202705 | ||
| 049 | _aI | ||
| 050 | 4 |
_aPZ76.3 _bM8.72a |
|
| 100 | 1 |
_aMuñoz Puelles, Vicente, _d1948- _932146 |
|
| 245 | 1 | 0 |
_aLa rana Rony / _cVicente Muñoz Puelles ; il. Rocío Martínez. |
| 260 |
_aMéxico _bCastillo, _c2007. |
||
| 300 |
_a[24] p. : _bprincipalmente il. col. |
||
| 650 | 4 |
_aRANAS - _vCUENTOS Y LEYENDAS _912231 |
|
| 650 | 4 |
_aLibros y lectura para niños _92290 |
|
| 700 | 1 |
_aMartínez, Rocío, _d1966- _eil. _935791 |
|
| 905 | _aInfantil | ||
| 999 |
_c174806 _d174806 |
||